[Event "I Open Illes Medes"]
[Site "L'Estartit ESP"]
[Date "2006.12.28"]
[Round "1.2"]
[White "Alonso Roselli, Alvar"]
[Black "Hamdouchi, Hichem"]
[Result "0-1"]
[WhiteElo "2231"]
[BlackElo "2582"]
[PlyCount "88"]
[EventDate "2006.12.28"]
[EventType "swiss"]
[EventRounds "9"]
[EventCountry "ESP"]
[Source "lmi"]
[SourceDate "2006.12.28"]

1. d4 e6 2. c4 c5 3. d5 exd5 4. cxd5 d6 5. Nc3 g6 6. e4 Bg7 7. h3 Ne7 8. Nf3
O-O 9. Bd3 h6 10. O-O g5 11. e5 dxe5 12. d6 Nf5 13. Ne4 Be6 14. Nfxg5 hxg5 15.
Bxg5 f6 16. Nxc5 Qe8 17. Be4 Nd4 18. Bxb7 Nd7 19. Nxe6 Qxe6 20. Bxa8 Rxa8 21.
Be3 Qxd6 22. Rc1 Rb8 23. b3 Nc5 24. Bxd4 exd4 25. Qh5 Nd3 26. Rcd1 Nf4 27. Qf3
Rf8 28. Rfe1 f5 29. h4 Ng6 30. h5 Ne5 31. Qf4 Kh7 32. h6 Qxh6 33. Rxd4 Nf3+ 34.
gxf3 Bxd4 35. Re7+ Bg7 36. Qxh6+ Kxh6 37. Rxa7 Rd8 38. b4 Rd2 39. b5 Bd4 40.
Ra6+ Kg5 41. a4 Kf4 42. Rh6 Bxf2+ 43. Kh1 Kxf3 44. Rg6 Bg3 0-1

[Event "I Open Illes Medes"]
[Site "L'Estartit ESP"]
[Date "2006.12.28"]
[Round "1.4"]
[White "Lillo Ferrer, Josep Maria"]
[Black "Moskalenko, Viktor"]
[Result "0-1"]
[WhiteElo "2214"]
[BlackElo "2543"]
[PlyCount "76"]
[EventDate "2006.12.28"]
[EventType "swiss"]
[EventRounds "9"]
[EventCountry "ESP"]
[Source "lmi"]
[SourceDate "2006.12.28"]

1. e4 c5 2. d3 Nc6 3. f4 d5 4. Be2 dxe4 5. dxe4 Qxd1+ 6. Bxd1 b6 7. Nc3 Bb7 8.
Nf3 e6 9. O-O Nf6 10. e5 Nd7 11. Re1 Be7 12. Ne4 O-O 13. c3 c4 14. Bc2 Nc5 15.
Nxc5 Bxc5+ 16. Be3 Bxe3+ 17. Rxe3 Ne7 18. Ng5 h6 19. Ne4 Nf5 20. Ree1 Rad8 21.
Kf2 b5 22. a3 a5 23. Red1 Bd5 24. g4 Ne7 25. Ke3 Rb8 26. Ng3 b4 27. axb4 axb4
28. Ne2 Rfc8 29. Ra4 Bc6 30. Ra7 Nd5+ 31. Kd4 Rd8 32. cxb4 Nxb4+ 33. Kc3 Nd5+
34. Kd4 Rbc8 35. f5 c3 36. Rb1 Bb5 37. Ng3 Rc4+ 38. Kd3 Rxg4# 0-1

[Event "I Open Illes Medes"]
[Site "L'Estartit ESP"]
[Date "2006.12.28"]
[Round "1.7"]
[White "Chatalbashev, Boris"]
[Black "Santos, Jose Alves"]
[Result "1-0"]
[WhiteElo "2534"]
[BlackElo "2195"]
[PlyCount "33"]
[EventDate "2006.12.28"]
[EventType "swiss"]
[EventRounds "9"]
[EventCountry "ESP"]
[Source "lmi"]
[SourceDate "2006.12.28"]

1. d4 d5 2. c4 e5 3. dxe5 d4 4. Nf3 Nc6 5. a3 Bg4 6. Qb3 Qd7 7. Qxb7 Rb8 8. Qa6
d3 9. Nbd2 Bc5 10. e3 Nge7 11. Ne4 Bb4+ 12. axb4 Nxb4 13. Nc5 Qf5 14. Qa4+ Kf8
15. Nd4 Qg6 16. e6 Kg8 17. Qd7 1-0

[Event "I Open Illes Medes"]
[Site "L'Estartit ESP"]
[Date "2006.12.28"]
[Round "1.8"]
[White "Mayo Casademont, Andreu"]
[Black "Jankovic, Alojzije"]
[Result "1/2-1/2"]
[WhiteElo "2186"]
[BlackElo "2533"]
[PlyCount "73"]
[EventDate "2006.12.28"]
[EventType "swiss"]
[EventRounds "9"]
[EventCountry "ESP"]
[Source "lmi"]
[SourceDate "2006.12.28"]

1. d4 Nf6 2. c4 g6 3. Nc3 Bg7 4. e4 d6 5. f4 O-O 6. Nf3 c5 7. d5 e6 8. dxe6
fxe6 9. Bd3 Nc6 10. O-O e5 11. f5 gxf5 12. exf5 Nd4 13. Ng5 h6 14. Nge4 Nxe4
15. Nxe4 Nxf5 16. Qh5 Bd7 17. g4 Be8 18. Qh3 Qh4 19. Qg2 Nd4 20. Rxf8+ Bxf8 21.
g5 Kh8 22. Bd2 Bc6 23. Rf1 Be7 24. g6 Kg8 25. g7 Bg5 26. Bxg5 hxg5 27. Qxg5
Qxg5+ 28. Nxg5 Re8 29. Rf7 Nf3+ 30. Rxf3 Bxf3 31. Bg6 Bc6 32. Bxe8 Bxe8 33. Ne4
Bc6 34. Nxd6 Kxg7 35. Kf2 Kf6 36. Ke3 Ke6 37. Ne4 1/2-1/2